000 00606nam a22001937a 4500
003 OSt
005 20241017120557.0
008 241017b |||||||| |||| 00| 0 eng d
020 _a996689667-x
040 _aMUST
_cDDC
082 _a24/42326
100 _aB.A. Stewart
_919279
245 _aSoil Management Of Agriculture:
_bA guide for extension workers in the eastern African region/
260 _aNairobi-Kenya:
_bRELMA ( Regional Land Management Unit),
_c2014
300 _axiv,146p.:
_bcol. ill.,
_c25cm.
504 _aincludes references
650 _aAgriculture
_94591
942 _2ddc
_cO_SHELF
999 _c9451
_d9451